Quizzes
Events
Quiz Creation
Community
Videos
Private Events
Remove Ads
Sign In
Join for FREE
Feedback
Dark Mode
Quiz Categories
Sports
Geography
Music
Movies
Television
Just For Fun
Miscellaneous
History
Literature
Language
Science
Gaming
Entertainment
Religion
Holiday
For Kids
Quiz Lab
Recent
Popular Today
Quiz Kudos Today
Editor Picks
Curator Picks
Quizzes by...
Day
Popularity
Type
Ratings
Length
Year
Community
Subscriptions
Recent Discussions
Orange Saloon
Badges
Playlists
Quests
Create
Leaderboards
Showdown
Live 5
Trivia Bingo
Activity
Puzzle Library
Sporcle Events
Private Events
Virtual Trivia
Globe League
Become a Host
Pub Owners
SporcleCon
Opinionation
Our Games
Videos
Blog
Mobile Apps
Partnerships
Remove Ads and Go Orange
Feedback
Movies
Disney
Marvel Cinematic Universe
Movie Resume
Movie Titles
Oscar
Actor
Actress
Director
Pixar
Role
Movie Quotes
Movie Characters
Box Office
Nominee
Best Picture
Star Wars
James Bond
Horror Movies
Movies
Disney
Marvel Cinematic Universe
Movie Resume
Movie Titles
Oscar
Actor
Actress
Director
Pixar
Role
Movie Quotes
Movie Characters
Box Office
Nominee
Best Picture
Star Wars
James Bond
Horror Movies
Random Quiz
Search Sporcle
×
Quiz Lab
Quiz Lab
Movies
Director
Type in answers that appear in a list
Type in answers that appear in a list
Classic
Best Score? Go Orange.
Newest National Film Registry Films Stats
Can you name the feature films released since 1980 in the National Film Registry?
By
knoxvillian
5m
28 Questions
245 Plays
245 Plays
245 Plays
Comments
Comments
Give Quiz Kudos
Give Quiz Kudos
-
- Ratings
hide this ad
Replay
Link that replays current quiz
Next Quiz
Link to next quiz in quiz playlist
You Got
0%
They Got
Avg Score
59%
Avg Friend Score
Upgrade to see
Score Distribution
Jump to the score distribution portion of the page
Score
0/28
Timer
05:00
0
Plays Today
Year Released
Film
% Correct
1996
Fargo
94.3%
1990
Dances With Wolves
91.8%
1992
Unforgiven
89.8%
1993
Schindler's List
89.4%
1982
E.T. the Extra-Terrestrial
88.6%
1989
Do The Right Thing
86.5%
1984
The Terminator
86.1%
1990
Goodfellas
85.7%
1980
Raging Bull
81.2%
1985
Back to the Future
80.4%
1982
Blade Runner
77.1%
1981
Raiders of the Lost Ark
77.1%
1993
Groundhog Day
69.4%
1984
This Is Spinal Tap
68.6%
Year Released
Film
% Correct
1995
Toy Story
67.3%
1991
Boyz n the Hood
66.1%
1989
sex, lies, and videotape
65.7%
1982
Tootsie
60%
1982
Fast Times at Ridgemont High
42.4%
1991
Beauty and the Beast
38%
1980
Atlantic City
33.9%
1984
Stranger Than Paradise
27.3%
1980
Return of the Secaucus 7
18%
1986
Hoosiers
15.5%
1982
Chan is Missing
15.1%
1983
El Norte
14.3%
1991
Daughters of the Dust
12.7%
1983
Koyaanisqatsi
11%
Quiz Playlist
Details
Report
Send in Message
Add To Playlist
Classic:
Type in answers that appear in a list
Quiz Source
Last Updated: Feb 16, 2017
Quiz Scoreboard
CHALLENGE
Sign Up to Join the Scoreboard
Show All
Scores
Hide
Comments
May contain spoilers
Recently Published
Alphabetical 'K' Countries by Flag Minefield
by ylime102
Geography
3m
Pick 6: Fruits
by JohnFran
Miscellaneous
15s
Click the 1999 NBA Draft
by nibperrychub
Sports
2m
More to Explore
Quiz From the Vault
Featured Blog Post
15 Basketball Trivia Facts You Can Be March Mad About
hide this ad
You Might Also Like...
Tags
Director Quiz
Movie Titles Quiz
1980
feature
national
Registry
Released
Today's Top Quizzes in Movies
Browse Movies
hide this ad
Today's Top Quizzes in Director
Browse Director
Top Contributed Quizzes in Movies
1
Pick 6: Harry Potter
2
Pick 6: Movie Franchises
3
Pick 6: Actors
4
Pick 6: Actresses
5
Pick 6: Disney Princesses
6
Match The President To The Fictional Crisis
7
Movies of the Seasons
8
Harry Potter Logic Puzzle
9
10 Quentin Tarantino Movies in Order
10
Springtime Movie Scenes (Quiz 2 of 2)
Explore More
Trending Topics
Crossword
Marvel
NBA
Kpop
Anime
Disney
Harry Potter
Song
NFL
The Office
WWE
Puzzle
Country
Pokémon
Soccer
hide this ad
More By:
knoxvillian
Quiz
Plays
Rating
Category
Featured
Created
Rolling Stone's Top 100 Pop Songs
105,492
3.84
Music
Dec 1, 2009
AFI Quotes Fill-in-the-Blank
90,525
4.62
Movies
Aug 20, 2010
AFI Quotes Fill-in-the-Blank II
54,215
4.57
Movies
Mar 9, 2011
University of Sporcle! (picture quiz)
5,144
3.97
Miscellaneous
Jan 26, 2010
Best Movies of the Decade
3,627
4.02
Movies
Jan 4, 2010
Go to Creator's Profile
Score Distribution
Quiz Creator Spotlight
knoxvillian
Follow
Send a Message
Quizzes Created
-
Created Quiz Play Count
-
More By This Creator
Popular Quizzes Today
1
Countries of Asia Without Outlines Minefield
2
Find the US States - No Outlines Minefield
3
Pick 6: Fruits
4
Alphabetical 'K' Countries by Flag Minefield
5
The Countries of the World
6
Find the US States
7
US States
8
Match the Book to the Film X
More Movies Quizzes
Nine in Time: Star Wars Characters (Originals)
Quiz Lab
Trending Quizzes
Pick 6: Mountains
Pick 6: Harry Potter
Pick 6: NFL Teams
Pick 6: Movie Franchises
Pick 6: Golfers
Recently Updated
NWSL Teams
pecheneg
Women's Final Four Teams by Year
bhenderson79
Presidents Quartet II
eogle
Anything But Clue(do)
eogle
Anything But Oceanian Capitals
eogle
Anything But 7
eogle
Anything But Thing
eogle
Word Ladder: February 29
pecheneg
Song Title Questions
pecheneg
Women's NCAA Tournament #1 Seeds
pecheneg
Trending Topics
Disney
Harry Potter
Kpop
Marvel
Crossword
Anime
NBA
NFL
WWE
The Office
Soccer
Puzzle
Pokémon
Song
Country
Your Account Isn't Verified!
In order to create a playlist on Sporcle, you need to verify the email address you used during registration. Go to your
Sporcle Settings
to finish the process.
Report this User
Report this user for behavior that violates our
Community Guidelines
.
Details:
Send Report
Go to the Sporcle.com Mobile Site →
Comments